[Event "Wiesbaden op 25th"]
[Site "Wiesbaden"]
[Date "2013.08.25"]
[Round "7"]
[White "Braunberger, Gerald"]
[Black "Kirmeir, Andreas"]
[Result "1-0"]
[WhiteElo "1940"]
[BlackElo "1741"]
[PlyCount "81"]
[EventDate "2013.08.22"]
[EventType "swiss"]
[EventRounds "7"]
[EventCountry "GER"]
[SourceTitle "CBM 156 Extra"]
[Source "ChessBase"]
[SourceDate "2013.10.22"]
[SourceVersion "1"]
[SourceVersionDate "2013.10.22"]
[SourceQuality "1"]

1. c4 g6 2. Nf3 Bg7 3. d4 d6 4. Nc3 e6 5. e3 Ne7 6. Be2 b6 7. 0-0 Bb7 8. Qc2 Nd7 9. b4 h6 10. Rb1 a6 11. Bb2 g5 12. d5 e5 13. Nd2 0-0 14. Ba3 Rb8 15. Rbe1 Bc8 16. f4 exf4 17. exf4 Ng6 18. f5 Nf4 19. Nf3 Ne5 20. Nxe5 Bxe5 21. g3 Bd4+ 22. Kh1 Nxe2 23. Nxe2 Be5 24. Bb2 f6 25. Nd4 Bd7 26. Ne6 Bxe6 27. fxe6 Qe7 28. Rf5 c5 29. bxc5 Bxb2 30. Qxb2 bxc5 31. Qc3 Kg7 32. Ref1 Rb4 33. R5f2 Kg6 34. a3 Rb7 35. Rb2 Ra7 36. Qc2+ Kg7 37. Rfb1 Rc8 38. Rb6 h5 39. Qa4 Rca8 40. Qc6 f5 41. Rb7 1-0

[Event "Hessen-chA"]
[Site "Korbach"]
[Date "2013.03.29"]
[Round "5"]
[White "Feicht, Arno"]
[Black "Braunberger, Gerald"]
[Result "1/2-1/2"]
[WhiteElo "2062"]
[BlackElo "1970"]
[PlyCount "86"]
[EventDate "2013.03.27"]
[EventType "swiss"]
[EventRounds "7"]
[EventCountry "GER"]
[SourceTitle "EXT 2014"]
[Source "ChessBase"]
[SourceDate "2013.11.20"]
[SourceVersion "1"]
[SourceVersionDate "2013.11.20"]
[SourceQuality "1"]

1. d4 Nf6 2. Nc3 d5 3. Bg5 e6 4. e4 dxe4 5. Nxe4 Nbd7 6. Nf3 Be7 7. Nxf6+ Bxf6 8. h4 h6 9. Bf4 b6 10. Bb5 Bb7 11. Ne5 Bxe5 12. dxe5 a6 13. Ba4 Qe7 14. c3 0-0-0 15. Qe2 Nc5 16. Bc2 g5 17. Bd2 g4 18. f3 gxf3 19. gxf3 Qd7 20. 0-0-0 Qd5 21. Bg5 Qxf3 22. Rxd8+ Rxd8 23. Qxf3 Bxf3 24. Rf1 hxg5 25. Rxf3 gxh4 26. Rxf7 Rh8 27. b4 Nd7 28. Bb3 Nxe5 29. Bxe6+ Kd8 30. Rf5 h3 31. Rxe5 h2 32. Bd5 h1Q+ 33. Bxh1 Rxh1+ 34. Kb2 Rh3 35. Kb3 Kd7 36. a4 Kd6 37. Rg5 Kc6 38. Kc4 b5+ 39. axb5+ axb5+ 40. Kd4 Rh4+ 41. Ke5 Rh3 42. Rg6+ Kb7 43. Kd4 c6 1/2-1/2

[Event "Karl Mala Memorial op 15th"]
[Site "Frankfurt"]
[Date "2012.07.06"]
[Round "2"]
[White "Braunberger, Gerald"]
[Black "Dorst, Johannes"]
[Result "0-1"]
[WhiteElo "1973"]
[BlackElo "2195"]
[PlyCount "76"]
[EventDate "2012.07.05"]
[EventType "swiss"]
[EventRounds "7"]
[EventCountry "GER"]
[SourceTitle "CBM 149 Extra"]
[Source "ChessBase"]
[SourceDate "2012.08.24"]
[SourceVersion "1"]
[SourceVersionDate "2012.08.24"]
[SourceQuality "1"]

1. c4 e5 2. g3 Nc6 3. Bg2 g6 4. Nc3 Bg7 5. e4 Nge7 6. Nge2 0-0 7. 0-0 d6 8. h3 f5 9. d3 h6 10. Rb1 a5 11. a3 g5 12. f4 gxf4 13. gxf4 Ng6 14. exf5 Bxf5 15. Ng3 exf4 16. Nxf5 Rxf5 17. Nd5 Nh4 18. Rxf4 Rxf4 19. Bxf4 Nxg2 20. Kxg2 Ne7 21. Qg4 Nxd5 22. Qe6+ Kh8 23. Qxd5 Qf6 24. Bg3 Re8 25. Rf1 Qxb2+ 26. Rf2 Qxa3 27. Qh5 Qa4 28. Bf4 Qc6+ 29. Kh2 Rf8 30. Bg3 Qb6 31. Rxf8+ Bxf8 32. Qf7 Qb2+ 33. Bf2 Qe5+ 34. Kh1 Bg7 35. Qf3 Qf6 36. Qe2 a4 37. d4 a3 38. Bg1 Qf5 0-1

[Event "Pfalz op 03rd"]
[Site "Neustadt an der Weinstrasse"]
[Date "2012.02.17"]
[Round "1"]
[White "Maurer, Jochen"]
[Black "Braunberger, Gerald"]
[Result "1-0"]
[WhiteElo "2272"]
[BlackElo "2000"]
[PlyCount "38"]
[EventDate "2012.02.17"]
[EventType "swiss"]
[EventRounds "9"]
[EventCountry "GER"]
[SourceTitle "EXT 2013"]
[Source "ChessBase"]
[SourceDate "2012.11.22"]
[SourceVersion "1"]
[SourceVersionDate "2012.11.22"]
[SourceQuality "1"]

1. e4 c6 2. d4 d5 3. exd5 cxd5 4. c4 Nf6 5. Nc3 e6 6. Nf3 Bb4 7. cxd5 Nxd5 8. Bd2 0-0 9. Bd3 Nc6 10. 0-0 Be7 11. a3 b6 12. Qc2 Nf6 13. Ne4 Bb7 14. Nxf6+ Bxf6 15. Bxh7+ Kh8 16. d5 Ne5 17. Nxe5 Bxe5 18. Rae1 Qd6 19. Re3 g6 1-0

[Event "Karl Mala Memorial op 14th"]
[Site "Frankfurt"]
[Date "2011.07.10"]
[Round "6"]
[White "Hahn, Markus"]
[Black "Braunberger, Gerald"]
[Result "1-0"]
[WhiteElo "2108"]
[BlackElo "1915"]
[PlyCount "51"]
[EventDate "2011.07.07"]
[EventType "swiss"]
[EventRounds "7"]
[EventCountry "GER"]
[SourceTitle "EXT 2012"]
[Source "ChessBase"]
[SourceDate "2011.11.24"]
[SourceVersion "1"]
[SourceVersionDate "2011.11.24"]
[SourceQuality "1"]

1. d4 d5 2. c4 c6 3. Nf3 Nf6 4. e3 e6 5. b3 Nbd7 6. Bb2 Be7 7. Bd3 b6 8. 0-0 Bb7 9. Nc3 0-0 10. Qc2 h6 11. Rfd1 Rc8 12. Rac1 Qc7 13. Qe2 Qb8 14. Bb1 Rfd8 15. Qc2 Nf8 16. e4 dxe4 17. Nxe4 c5 18. d5 Qf4 19. Ng3 exd5 20. Be5 Qg4 21. Nf5 Re8 22. h3 Qh5 23. Ng3 Qg6 24. Qb2 Ne4 25. cxd5 f6 26. d6 1-0

[Event "Rhein Main op-A 14th"]
[Site "Bad Homburg"]
[Date "2011.06.24"]
[Round "4"]
[White "Braunberger, Gerald"]
[Black "Seehaus, Bernhard"]
[Result "1-0"]
[WhiteElo "1915"]
[BlackElo "2109"]
[PlyCount "83"]
[EventDate "2011.06.22"]
[EventType "swiss"]
[EventRounds "7"]
[EventCountry "GER"]
[SourceTitle "EXT 2012"]
[Source "ChessBase"]
[SourceDate "2011.11.24"]
[SourceVersion "1"]
[SourceVersionDate "2011.11.24"]
[SourceQuality "1"]

1. d4 d6 2. Nf3 Nf6 3. c4 c6 4. Nc3 Nbd7 5. Bg5 Qc7 6. e3 e5 7. Qc2 Be7 8. Be2 h6 9. Bh4 0-0 10. 0-0 Re8 11. Nd2 b6 12. Rac1 Bb7 13. Bg3 a6 14. Qb1 c5 15. d5 Bf8 16. e4 g6 17. Nd1 Bg7 18. Ne3 Rf8 19. Bh4 Nh7 20. Be7 Rfe8 21. Bh4 Rf8 22. Be7 Rfe8 23. Bh4 Bf6 24. Bxf6 Ndxf6 25. f4 exf4 26. Rxf4 Qe7 27. Rcf1 Rf8 28. Qd3 Nd7 29. Ng4 h5 30. Nh6+ Kg7 31. Rxf7+ Rxf7 32. Rxf7+ Qxf7 33. Nxf7 Kxf7 34. Qh3 Ndf8 35. Nf3 Re8 36. Bd3 Bc8 37. Qg3 Ke7 38. e5 dxe5 39. Nxe5 Nf6 40. Nxg6+ Nxg6 41. Bxg6 Rg8 42. Qc7+ 1-0

[Event "Hessen-ch Gr-C 65th"]
[Site "Gladenbach"]
[Date "2011.04.22"]
[Round "4"]
[White "Braunberger, Gerald"]
[Black "Hanig, Gunnar"]
[Result "0-1"]
[WhiteElo "1887"]
[BlackElo "1846"]
[PlyCount "118"]
[EventDate "2011.04.20"]
[EventType "swiss"]
[EventRounds "7"]
[EventCountry "GER"]
[SourceTitle "CBM 142 Extra"]
[Source "ChessBase"]
[SourceDate "2011.06.27"]
[SourceVersion "1"]
[SourceVersionDate "2011.06.27"]
[SourceQuality "1"]

1. c4 c6 2. g3 d5 3. Bg2 dxc4 4. a4 e5 5. Na3 Be6 6. Qc2 Nd7 7. Nxc4 Bc5 8. Nf3 f6 9. 0-0 Qc7 10. d3 Ne7 11. Bd2 Nd5 12. a5 0-0 13. Rfb1 Bb4 14. Ne1 Bxd2 15. Qxd2 f5 16. b4 a6 17. Nf3 Rae8 18. Ng5 f4 19. Nxe6 Rxe6 20. Rf1 N7f6 21. Rab1 fxg3 22. fxg3 e4 23. dxe4 Nxe4 24. Rxf8+ Kxf8 25. Qd4 Qe7 26. Nb6 Nxb6 27. axb6 Nf6 28. Bf3 Rd6 29. Qf4 Qd8 30. Qe3 Qe7 31. Qf4 Qd8 32. Qe3 Nd5 33. Bxd5 cxd5 34. Rf1+ Kg8 35. Kg2 Rxb6 36. Qc5 Rc6 37. Qe3 b5 38. Qa7 Qc7 39. Qa8+ Qc8 40. Qa7 Rc7 41. Qd4 Rd7 42. Qb6 Re7 43. Rf2 h6 44. Qd6 Qe6 45. Qb8+ Kh7 46. Qa8 Qe4+ 47. Kg1 Rc7 48. Qxa6 Rc1+ 49. Rf1 Qe3+ 50. Kg2 Qxe2+ 51. Rf2 Qe4+ 52. Kh3 Qxb4 53. Qe6 Qe4 54. Qb6 b4 55. Rf4 Qe2 56. Qxb4 Rc2 57. Qb7 Qh5+ 58. Rh4 Qf5+ 59. Rg4 Qf1+ 0-1

[Event "Hessen-ch Gr-C 65th"]
[Site "Gladenbach"]
[Date "2011.04.22"]
[Round "5"]
[White "Braunberger, Gerald"]
[Black "Wolff, Peter"]
[Result "1/2-1/2"]
[WhiteElo "1887"]
[BlackElo "1996"]
[PlyCount "45"]
[EventDate "2011.04.20"]
[EventType "swiss"]
[EventRounds "7"]
[EventCountry "GER"]
[SourceTitle "CBM 142 Extra"]
[Source "ChessBase"]
[SourceDate "2011.06.27"]
[SourceVersion "1"]
[SourceVersionDate "2011.06.27"]
[SourceQuality "1"]

1. d4 d5 2. Nf3 Nf6 3. c4 c6 4. cxd5 cxd5 5. Nc3 Nc6 6. Bf4 Bf5 7. e3 e6 8. Bb5 Nd7 9. 0-0 Rc8 10. Rc1 a6 11. Bd3 Bxd3 12. Qxd3 Bb4 13. a3 Bxc3 14. Rxc3 Nb6 15. Rfc1 Nc4 16. Qe2 0-0 17. Ne5 N6xe5 18. Bxe5 Qd7 19. h3 Nxe5 20. dxe5 Rxc3 21. Rxc3 Rc8 22. Qc2 Rxc3 23. Qxc3 1/2-1/2

[Event "Hessen-ch Gr-C 65th"]
[Site "Gladenbach"]
[Date "2011.04.21"]
[Round "2"]
[White "Braunberger, Gerald"]
[Black "Eibelshaeuser, Stefan"]
[Result "1/2-1/2"]
[WhiteElo "1887"]
[BlackElo "2026"]
[PlyCount "76"]
[EventDate "2011.04.20"]
[EventType "swiss"]
[EventRounds "7"]
[EventCountry "GER"]
[SourceTitle "CBM 142 Extra"]
[Source "ChessBase"]
[SourceDate "2011.06.27"]
[SourceVersion "1"]
[SourceVersionDate "2011.06.27"]
[SourceQuality "1"]

1. d4 d5 2. Nf3 Nf6 3. e3 e6 4. Bd3 c5 5. c3 Nc6 6. 0-0 Bd6 7. Nbd2 0-0 8. e4 cxd4 9. cxd4 dxe4 10. Nxe4 Be7 11. Nxf6+ Bxf6 12. Be3 b6 13. Qa4 Bd7 14. Qc2 h6 15. a3 Rc8 16. Qe2 Qe7 17. Rac1 Rfe8 18. Ba6 Rcd8 19. Rfd1 e5 20. dxe5 Nxe5 21. Rc7 Nxf3+ 22. Qxf3 Be5 23. Rxa7 Qe6 24. Bb7 Bc6 25. Bxc6 Rxd1+ 26. Qxd1 Qxc6 27. Qb3 Bc7 28. Qc3 Qxc3 29. bxc3 Bf4 30. Rb7 Bxe3 31. fxe3 Rxe3 32. Rxb6 Rxc3 33. Ra6 g6 34. a4 Kg7 35. Kf2 Ra3 36. Ke2 Ra2+ 37. Kf3 g5 38. h3 h5 1/2-1/2

[Event "Rhein Main op 13th"]
[Site "Bad Homburg"]
[Date "2010.06.03"]
[Round "2"]
[White "Bokemaer, Artur"]
[Black "Braunberger, Gerald"]
[Result "0-1"]
[WhiteElo "1430"]
[BlackElo "1887"]
[PlyCount "49"]
[EventDate "2010.06.02"]
[EventType "swiss"]
[EventRounds "7"]
[EventCountry "GER"]
[SourceTitle "EXT 2011"]
[Source "ChessBase"]
[SourceDate "2010.11.26"]
[SourceVersion "1"]
[SourceVersionDate "2010.11.26"]
[SourceQuality "1"]

1. d4 d5 2. c4 c6 3. Nc3 Nf6 4. Bg5 dxc4 5. a4 Qa5 6. Nf3 Ne4 7. Bd2 Nxd2 8. Nxd2 e6 9. Nxc4 Qc7 10. e3 Nd7 11. a5 Be7 12. Bd3 Nf6 13. Qc2 Bd7 14. Rb1 Nd5 15. Bxh7 0-0-0 16. g3 g6 17. Bxg6 fxg6 18. Qxg6 Rh3 19. a6 b5 20. Ne5 Rdh8 21. Ke2 R3h6 22. Nxd5 exd5 23. Qg7 R6h7 24. Qg6 Bd6 25. Nf7 0-1

[Event "Karl Mala Memorial op 12th"]
[Site "Frankfurt"]
[Date "2009.07.19"]
[Round "6"]
[White "Braunberger, Gerald"]
[Black "Geisselmann, Frank"]
[Result "0-1"]
[WhiteElo "1858"]
[BlackElo "2040"]
[PlyCount "162"]
[EventDate "2009.07.16"]
[EventType "swiss"]
[EventRounds "7"]
[EventCountry "GER"]
[SourceTitle "EXT 2010"]
[Source "ChessBase"]
[SourceDate "2010.11.25"]
[SourceVersion "1"]
[SourceVersionDate "2010.11.25"]
[SourceQuality "1"]

1. Nf3 d5 2. d4 c6 3. c4 e6 4. Nc3 Bd6 5. e3 f5 6. b3 Nf6 7. Bb2 Nbd7 8. Bd3 Ne4 9. Qe2 Qe7 10. Nd2 0-0 11. 0-0-0 a5 12. c5 Bc7 13. f3 Nxc3 14. Bxc3 b6 15. cxb6 Bxb6 16. e4 Qa3+ 17. Kb1 a4 18. Bb2 Qd6 19. Rde1 axb3 20. Nxb3 Qb4 21. exf5 Qa4 22. Ba1 exf5 23. Qc2 Nf6 24. Re2 Ba6 25. Rhe1 Rfb8 26. Kc1 Qa3+ 27. Kd2 Bxd3 28. Kxd3 Ra4 29. Ke3 Ba5 30. Rc1 Rc4 31. Qb2 Qd6 32. g3 Nh5 33. Kf2 Qh6 34. Qa3 Bb4 35. Qa7 Bd6 36. Rce1 Nf6 37. Kg2 Qg6 38. Kh1 Rf8 39. Nd2 Rb4 40. Re6 Bb8 41. Qa3 Rb6 42. Nf1 h5 43. Bc3 f4 44. Bb4 Rf7 45. Bd6 fxg3 46. hxg3 Bxd6 47. Rxd6 Qc2 48. Rde6 Rfb7 49. R6e2 Qc4 50. Qe3 Rb8 51. Nd2 Qb4 52. Nb3 Qf8 53. Nc5 Kh8 54. a4 Qc8 55. Kg2 Qf5 56. Qe5 Qg6 57. a5 Rb2 58. Rxb2 Rxb2+ 59. Re2 Qb1 60. a6 Qa2 61. Rxb2 Qxb2+ 62. Kf1 Qc1+ 63. Qe1 Qc4+ 64. Kg2 Qxd4 65. a7 Qb2+ 66. Kh3 Qa3 67. Qe7 Kh7 68. f4 Qf3 69. Qe1 Ng4 70. a8Q Nf2+ 71. Qxf2 Qxf2 72. Qa1 Qxc5 73. Qe5 Qf8 74. Qxh5+ Kg8 75. Qe5 Qc8+ 76. Kh4 Qd8+ 77. Kh5 Qf6 78. Qe8+ Kh7 79. Qe3 d4 80. Qd2 Qf5+ 81. Kh4 c5 0-1

[Event "Karl Mala Memorial op 12th"]
[Site "Frankfurt"]
[Date "2009.07.17"]
[Round "2"]
[White "Braunberger, Gerald"]
[Black "Von Auer, Ulrich"]
[Result "0-1"]
[WhiteElo "1858"]
[BlackElo "2106"]
[PlyCount "52"]
[EventDate "2009.07.16"]
[EventType "swiss"]
[EventRounds "7"]
[EventCountry "GER"]
[SourceTitle "EXT 2010"]
[Source "ChessBase"]
[SourceDate "2010.11.25"]
[SourceVersion "1"]
[SourceVersionDate "2010.11.25"]
[SourceQuality "1"]

1. e4 e6 2. d4 d5 3. Nc3 Bb4 4. Nge2 dxe4 5. a3 Be7 6. Nxe4 Nc6 7. Be3 Nf6 8. N2c3 0-0 9. Qd2 Nxe4 10. Nxe4 f5 11. Nc3 f4 12. Bxf4 Qxd4 13. Bxc7 Qxd2+ 14. Kxd2 Rxf2+ 15. Ne2 e5 16. b4 a6 17. Bb6 Rf8 18. c3 Be6 19. Ng3 Bg5+ 20. Kc2 Ne7 21. Bd3 Nd5 22. Bc5 Rfc8 23. Ne4 Bf4 24. g3 Bh6 25. Bd6 Ne3+ 26. Kb2 Rd8 0-1

[Event "Karl Mala Memorial op 12th"]
[Site "Frankfurt"]
[Date "2009.07.16"]
[Round "1"]
[White "Danner, Lambert"]
[Black "Braunberger, Gerald"]
[Result "1/2-1/2"]
[WhiteElo "2109"]
[BlackElo "1858"]
[PlyCount "97"]
[EventDate "2009.07.16"]
[EventType "swiss"]
[EventRounds "7"]
[EventCountry "GER"]
[SourceTitle "EXT 2010"]
[Source "ChessBase"]
[SourceDate "2010.11.25"]
[SourceVersion "1"]
[SourceVersionDate "2010.11.25"]
[SourceQuality "1"]

1. d4 d5 2. Nf3 Nf6 3. c4 c6 4. Nc3 e6 5. g3 Nbd7 6. Bg2 Bd6 7. 0-0 0-0 8. Qd3 Re8 9. Bf4 Qc7 10. Bxd6 Qxd6 11. e4 dxe4 12. Nxe4 Nxe4 13. Qxe4 Nf6 14. Qe3 b6 15. Rfd1 Bb7 16. c5 Qc7 17. Ne5 Nd5 18. Qe1 b5 19. Qe4 a5 20. Qh4 b4 21. Nc4 Red8 22. Nd6 Ba6 23. Be4 Nf6 24. Bc2 h6 25. Rd2 Ne8 26. Qe4 g6 27. Nxe8 Rxe8 28. h4 e5 29. Bb3 Kg7 30. d5 cxd5 31. Bxd5 f5 32. Qe3 Rad8 33. Rc1 f4 34. Qe4 Bc8 35. gxf4 Bf5 36. Qc4 exf4 37. Rcd1 h5 38. Rd4 Qe5 39. Rxf4 Qxb2 40. Qd4+ Qxd4 41. Rfxd4 Be6 42. c6 Bxd5 43. Rxd5 Rxd5 44. Rxd5 Re1+ 45. Kg2 Rc1 46. Rxa5 Rxc6 47. f3 Rb6 48. Kg3 Kf6 49. Ra7 1/2-1/2

[Event "Rhein Main op 09th"]
[Site "Bad Homburg"]
[Date "2006.06.17"]
[Round "5.33"]
[White "Braunberger, Gerald"]
[Black "Goebel, Andreas"]
[Result "1/2-1/2"]
[WhiteElo "1883"]
[BlackElo "2073"]
[PlyCount "56"]
[EventDate "2006.06.14"]
[EventType "swiss"]
[EventRounds "7"]
[EventCountry "GER"]
[SourceTitle "EXT 2007"]
[Source "ChessBase"]
[SourceDate "2006.11.23"]
[SourceVersion "1"]
[SourceVersionDate "2006.11.23"]
[SourceQuality "1"]

1. e4 c5 2. Nf3 d6 3. d4 cxd4 4. Nxd4 Nf6 5. Nc3 g6 6. Be3 Bg7 7. f3 0-0 8. Qd2 Nc6 9. 0-0-0 Nxd4 10. Bxd4 Be6 11. Kb1 Qc7 12. g4 Rfc8 13. h4 Qa5 14. Qg5 Qxg5 15. hxg5 Nd7 16. Bxg7 Kxg7 17. Rh4 f6 18. gxf6+ Nxf6 19. g5 Nh5 20. f4 Rc5 21. Bd3 Rf8 22. Ne2 Bg8 23. b4 Rc7 24. f5 Rfc8 25. Nd4 Bc4 26. a3 Kg8 27. Kb2 a6 28. Kb1 Kg7 1/2-1/2